000 00542nam a2200169 i 4500
001 149661
003 ES-MaACL
007 t|
008 071023s1963 sp ||||1| spa d
100 1 _aVarillon, François.
_9113228
245 1 0 _aElementos de doctrina cristiana /
_cFrançois Varillon ; [versión corregida por Antonio Pérez González].
260 _aBarcelona :
_bNova Terra,
_c[1963]
300 _a2 v. ;
_c21 cm.
500 _aEs el tomo I.
700 1 _aPérez González, Antonio.
_990909
852 _aES-MaACL
_jE-4848-9
_bR.53208
999 _c149661
_d149661